2022 Essendon Bombers AFL Team Quiz - Statistics

General Stats
  • This quiz has been taken 347 times
    325 since last reset
  • The average score is 25 of 46
Answer Stats
No. Player Name % Correct
7 Zach Merrett
91%
3 Darcy Parish
90%
2 Sam Draper
90%
4 Kyle Langford
85%
1 Andrew McGrath
83%
21 Dyson Heppell
82%
9 Dylan Shiel
80%
25 Jake Stringer
80%
20 Peter Wright
78%
14 Jordan Ridley
75%
6 Jye Caldwell
74%
23 Harrison Jones
72%
27 Mason Redman
72%
8 Ben Hobbs
71%
16 Archie Perkins
69%
15 Jayden LaVerde
68%
5 Devon Smith
67%
13 Nik Cox
67%
22 Sam Durham
63%
35 Matt Guelfi
62%
19 Nick Hind
61%
43 Anthony Mcdonald-Tipungwuti
59%
11 Will Snelling
56%
29 Jake Kelly
53%
37 Nic Martin
53%
18 Michael Hurley
52%
17 James Stewart
51%
24 Nick Bryan
50%
30 Brandon Zerk-Thatcher
49%
10 Aaron Francis
48%
31 Zach Reid
48%
34 Andrew Phillips
44%
47 Jye Menzie
43%
26 Kaine Baldwin
41%
33 Brayden Ham
37%
12 Tom Cutler
37%
42 Massimo D'Ambrosio
31%
40 Tex Wanganeen
31%
39 Patrick Voss
30%
45 Alec Waterman
27%
28 Alistair Lord
25%
49 Tom Hird
23%
41 Cian Mcbride
21%
38 Cody Brand
17%
32 Josh Eyre
17%
36 Garrett McDonagh
12%
No matching quizzes found
Score Distribution
Percent of People with Each Score
Percentile by Number Answered
Your Score History
You have not taken this quiz since the last reset